000
00291nam a22001337a 4500
008
170527b xxu||||| |||| 00| 0 eng d
020
_a
9780965362023
041
_a
eng
080
_2
3RD
_a
623
100
_a
27
101
_a
IM
245
_a
MODEL ROCKET
_c
MILLIGAN, T.S.V
942
_2
udc
_c
BK
999
_c
14698
_d
14698